Statistiques concernant Trophées UNFP depuis 2010

Cliquez ici pour prendre le quiz!

Statistiques générales

  • Ce quiz a été pris 334 fois
    (102 depuis la dernière actualisation)
  • Le résultat moyen est 41 sur 56

Statistiques - réponses

annéeRéponse% Correct
Gianluigi Donnarumma
100%
Gianluigi Donnarumma
100%
Kylian Mbappé
100%
2023Kylian Mbappé
100%
Kylian Mbappé
100%
Kylian Mbappé
100%
2024Kylian Mbappé
100%
2022Kylian Mbappé
100%
2021Kylian Mbappé
100%
2019Kylian Mbappé
100%
2016Zlatan Ibrahimovic
97%
2014Zlatan Ibrahimovic
97%
2013Zlatan Ibrahimovic
97%
2018Neymar Jr
96%
Warren Zaïre-Emery
96%
2017Edinson Cavani
93%
2015Alexandre Lacazette
91%
GardienBrice Samba
88%
Steve Mandanda
88%
Steve Mandanda
88%
Steve Mandanda
88%
Steve Mandanda
88%
Keylor Navas
85%
Carlo Ancelotti / Christophe Galtier
83%
Christophe Galtier
80%
Christophe Galtier
80%
Eden Hazard
76%
2012Eden Hazard
76%
2011Eden Hazard
76%
Mike Maignan
73%
Salvatore Sirigu
73%
Salvatore Sirigu
73%
Laurent Blanc
72%
Laurent Blanc
72%
coachFranck Haise
71%
Unai Emery
71%
Éric Roy
68%
2010Lisandro Lopez
67%
Danijel Subasic
65%
espoirNuno Mendes
64%
Hugo Lloris
62%
Hugo Lloris
62%
Leonardo Jardim
61%
Ousmane Dembélé
58%
Nabil Fékir
55%
Bruno Génésio
54%
Florian Thauvin
51%
Rudi Garcia
44%
Marco Verratti
42%
Aurélien Tchouameni
41%
William Saliba
38%
Younès Belhanda
38%
René Girard
37%
René Girard
37%
Mamadou Sakho
23%
Jean Fernandez
11%

Distribution des résultats

Percentile par nombre de réponses

% des personnes avec chaque résultat

Votre développement - résultats

Vous n’avez pas pris ce quiz depuis la dernière actualisation